Precis d'analyse litteraire-2-Decrire la poesie (Record n. 65898)
[ formato base ]
| 000 -LEADER | |
|---|---|
| fixed length control field | 01381nam a2200301Ia 4500 |
| 001 - CONTROL NUMBER | |
| control field | B6922 |
| 003 - CONTROL NUMBER IDENTIFIER | |
| control field | IT-RoPAU |
| 008 - FIXED-LENGTH DATA ELEMENTS--GENERAL INFORMATION | |
| fixed length control field | 130308s9999 xx 000 0 und d |
| 040 ## - CATALOGING SOURCE | |
| Original cataloging agency | IT-RoPAU |
| 040 ## - CATALOGING SOURCE | |
| Transcribing agency | IT-RoPAU |
| 041 ## - LANGUAGE CODE | |
| Language code of text/sound track or separate title | FRANCESE |
| 999 ## - SYSTEM CONTROL NUMBERS (KOHA) | |
| Koha Dewey Subclass [OBSOLETE] | SI |
| 100 ## - MAIN ENTRY--PERSONAL NAME | |
| Personal name | Patillon Michel |
| 100 ## - MAIN ENTRY--PERSONAL NAME | |
| Miscellaneous information | Codice Aut. SPICS: 28956 |
| 245 ## - TITLE STATEMENT | |
| Title | Precis d'analyse litteraire-2-Decrire la poesie |
| 245 ## - TITLE STATEMENT | |
| Remainder of title | Precis D'Analyse Litteraire-2-Decrire la Poesie |
| 250 ## - EDITION STATEMENT | |
| Edition statement | 1a ed. |
| 260 ## - PUBLICATION, DISTRIBUTION, ETC. (IMPRINT) | |
| Place of publication, distribution, etc. | PARIS |
| 260 ## - PUBLICATION, DISTRIBUTION, ETC. (IMPRINT) | |
| Name of publisher, distributor, etc. | Nathan |
| 260 ## - PUBLICATION, DISTRIBUTION, ETC. (IMPRINT) | |
| Date of publication, distribution, etc. | 1988 [1° Ed.:1988 - Ed.Ling.Originale:1988] |
| 300 ## - PHYSICAL DESCRIPTION | |
| Extent | "144 p. (prefazione: no ; testo: 144 [pagine: 0-0])" |
| 500 ## - GENERAL NOTE | |
| General note | Sommario di Analisi Letteraria: Descrivere la Poesia. Prosa, Poesia e Segno Poetico: Funzioni del Linguaggio nella Comunicazione Linguistica, Due Piani di Linguaggio: motivazione Linguistica e Poetica, Due Assi del Linguaggio, Figura Fonica della Poesia, isomorfismo e Trasformazione. piano dell'Espressione: Figura Fonica Convenzionale: Sillaba, Ritmo, Rima Strofa, Livellofonemico. livello Grammaticale: Dalla Frase Alla Parola, Radici, Derivati,Figure delle Parole,rRime e Grammatica. livello Lessematico: sequenze Isotope, Modelli Referenziali, micro Universi Funzionali e Qualitativi. |
| 650 ## - SUBJECT ADDED ENTRY--TOPICAL TERM | |
| Topical term or geographic name as entry element | SAGGI DI LINGUISTICA |
| 650 ## - SUBJECT ADDED ENTRY--TOPICAL TERM | |
| Relator term | Codice materia Spics: 3207 |
| 942 ## - ADDED ENTRY ELEMENTS (KOHA) | |
| Koha item type | LIBRO |
| 957 ## - | |
| -- | 1 |
| 999 ## - SYSTEM CONTROL NUMBERS (KOHA) | |
| -- | 1 |
| Withdrawn status | Lost status | Damaged status | Not for loan | Home library | Current library | Date acquired | Total Checkouts | Full call number | Date last seen | Price effective from | Koha item type | Public note |
|---|---|---|---|---|---|---|---|---|---|---|---|---|
| Buone Condizioni | Not For Loan | SPICS-MEDIATECA | SPICS-MEDIATECA | 08/03/2013 | B6922 | 08/03/2013 | 08/03/2013 | LIBRO | Progressivo inserimento: 4290 / N. Volumi: 1 Copie: 1 Copia Rara: SI / data import: 1 marzo 2013 - By Epidotti, Trombetti, Vaglietti. |